|
|
|
|
| LEADER |
00000nam a2200000 a 4500 |
| 001 |
vtls001096470 |
| 003 |
SK-MaSNL |
| 005 |
20260301153410.0 |
| 008 |
250414s1984 xo 0 slo |
| 015 |
|
|
|a SNBA1985/12
|
| 035 |
|
|
|a SNK000039312
|
| 040 |
|
|
|a SNK
|b slo
|c SNK
|e AACR2
|
| 041 |
0 |
|
|a slo
|
| 044 |
|
|
|a xo
|c SK
|
| 080 |
|
|
|a 621.316.9(075.8)(076.5)
|2 1981
|
| 100 |
1 |
|
|a Chladný, Vladimír
|4 aut
|9 279227
|
| 245 |
1 |
0 |
|a Ochrany v elektrizačných sústavách
|b Návody na cvičenia
|c Vladimír Chladný
|
| 250 |
|
|
|a 1. vyd.
|
| 260 |
|
|
|a Košice
|b VŠT
|c 1984
|e Košice
|f Edičné stredisko VŠT
|
| 300 |
|
|
|a 167 s., 15,738 AH
|c 29 cm
|
| 366 |
|
|
|e 120 výtl.
|
| 500 |
|
|
|a Lit 16. Schválil Rektorát VŠT ako skriptum. 16 zázn. v slov., češ. a ruš.
|
| 852 |
|
|
|a Slovenská národná knižnica
|
| 954 |
|
|
|a sústavy elektrizačné
|a ochrany elektrické
|
| 958 |
|
|
|a OND
|
| 958 |
|
|
|a NB
|
| 958 |
|
|
|a RM
|
| 958 |
|
|
|a UV
|
| 999 |
|
|
|c 792802
|d 794732
|
| 952 |
|
|
|a SNK
|b SNK
|y PREZ
|7 0
|p 17A0811709
|o snkSB 39584
|0 0
|1 0
|4 0
|d 2012-07-09
|f 1
|l 0
|r 2025-04-24 00:00:00
|w 2026-02-24
|
| 952 |
|
|
|t P60, <04>, [BOOK], {604}
|a SNK
|b SNK
|y VYP
|7 0
|p 17A0039501
|o snkSB 39584 D1
|0 0
|1 0
|4 0
|d 1997-02-19
|l 0
|r 2004-12-31 00:00:00
|w 2026-02-24
|